What You Export Matters: Does It Really?

Analýza hypotézy o vzťahu štruktúry exportu a ekonomickom raste. Ukazovateľ EXPY vyvinutý, ako indikátor významu exportu pre ekonomický rast, avšak len pri stabilných cenách komodít.

Enregistré dans:
Détails bibliographiques
Auteur principal: Grančay, Martin, 1984-2024
Autres auteurs: Grančay, Nóra, Dudáš, Tomáš, 1976-
Format: Chapitre de livre
Langue:anglais
Sujets:
Tags: Ajouter un tag
Pas de tags, Soyez le premier à ajouter un tag!

MARC

LEADER 00000nla a2200000 4500
001 0206826
005 20240502083517.3
041 0 |a eng 
044 |a PL 
245 1 0 |a What You Export Matters: Does It Really?  |c Martin Grančay, Nóra Grančay, Tomáš Dudáš 
520 |a Analýza hypotézy o vzťahu štruktúry exportu a ekonomickom raste. Ukazovateľ EXPY vyvinutý, ako indikátor významu exportu pre ekonomický rast, avšak len pri stabilných cenách komodít. 
610 2 0 |a obchod medzinárodný 
610 2 0 |a vzorce kalkulačné 
610 2 0 |a vývoz 
610 2 0 |a štruktúra vývozu 
610 2 0 |a rast hospodársky 
610 2 0 |a relácie výmenné reálne 
100 1 |a Grančay, Martin, 1984-2024 
700 1 |a Grančay, Nóra 
700 1 |a Dudáš, Tomáš, 1976-